| 000 | 00373 a2200121 4500 | ||
|---|---|---|---|
| 001 | ART_42398 | ||
| 005 | 20260410161755.0 | ||
| 008 | 260409a | ||
| 245 | 1 | 0 | _aVerificación de créditos fiscales en un concurso preventivo |
| 100 | 1 | _aMohadeb, Sergio | |
| 700 | 1 | _aLara Correa, Walter | |
| 773 | 0 |
_tDoctrina tributaria _g- Nº 364 (jul. 2010) _wREV4296 |
|
| 999 |
_c20064 _d20064 |
||